The Rosalie Evans letters from Mexico arranged with comments by Daisy Caden Pettus. Illustrated
Furkejuvvon:
| Váldodahkki: | |
|---|---|
| Materiálatiipa: | Girji |
| Giella: | eaŋgalasgiella |
| Almmustuhtton: |
Londres
Hodder and Stoughton
1924
|
| Preanttus: | 1a. ed |
| Fáttát: | |
| Fáddágilkorat: |
Lasit fáddágilkoriid
Eai fáddágilkorat, Lasit vuosttaš fáddágilkora!
|
MARC
| LEADER | 00000nam a2200000 a 4500 | ||
|---|---|---|---|
| 001 | UCJ5956 | ||
| 003 | CL-VaPUC | ||
| 008 | 070124e19240000UK |||||||||||||||||eng|d | ||
| 082 | 0 | 4 | |a 910.4 |b EVA |2 21 |
| 100 | 0 | |a Evans, Rosalie |e author |9 511968 | |
| 245 | 1 | 4 | |a The Rosalie Evans letters from Mexico arranged with comments by Daisy Caden Pettus. Illustrated |
| 250 | |a 1a. ed | ||
| 300 | |a xxiii, 434 p | ||
| 942 | |c BK | ||
| 945 | |d 20070124 00:00:00 |a rinostro | ||
| 260 | |a Londres |b Hodder and Stoughton |c 1924 | ||
| 500 | |a Front., retrato de Rosalía C. Evans. Ilustraciones conforme al índice | ||
| 600 | 0 | 7 | |a PETTUS, DAISY CADEN |2 CL-VaPUC |9 511969 |
| 650 | 0 | |a Viajes |9 257115 | |
| 650 | 0 | |a Correspondencia |9 258963 | |
| 650 | 7 | |a DOCUMENTOS |2 CL-VaPUC |9 366450 | |
| 650 | 7 | |a MEMORIAS |2 CL-VaPUC |9 269159 | |
| 650 | 7 | |a GUERRAS CIVILES |2 CL-VaPUC |9 361938 | |
| 651 | 0 | |a México |9 255269 | |
| 583 | |a last modification |c 20070124 00:00:00 |k Rodrigo Vera | ||
| 999 | |c 322064 |d 322062 | ||
| 952 | |0 0 |1 0 |4 0 |6 910_400000000000000_EVA_1924 |7 0 |8 X |9 400976 |a FDOBUD |b FDOBUD |d 2019-11-22 |i 1042017 |o 910.4 EVA 1924 |p 1042017 |r 2019-11-22 |w 2019-11-22 |y BK_X |k BUD | ||